000 01509nam a22003257a 4500
999 _c1921
_d1921
003 AR-CdUCM
008 190228b ||||| |||| 00| 0 spa d
040 _aMUNICIPALIDAD PROVINCIAL DEL CUSCO
_cBIBLIOTECA MUNICIPAL DEL CUSCO
082 _a307.1 /
_bQ25
100 _aQuedena, Enrique
_97017
245 _aLos retos del desarrollo agro-urbano :
_bel caso de San Jerónimo - Cusco /
260 _aCusco :
_bCentro Guaman Poma de Ayala :
_b[Taller Gráfico de Tarea Asociación Gráfica Educativa],
_c1994.
300 _a208 págians ;
_bilistraciones, mapas, deplegables.
_c23.5 cm.
505 _aHistoria y naturaleza en San Jerónimo -- El proceso de ocupación territorial -- Usos del suelo, producción y servicios -- Las áreas homogéneas de San Jerónimo -- Organización social y estructura de gestión -- Lineamientos para un plan integral de desarrollo de San Jerónimo ...
650 _aDesarrollo agrícola
_91453
650 _aDesarrollo - San Jerónimo - Cusco
_97018
650 _aUrbanismo - Cusco - Perú
_97019
650 _aPlanificación y desarrollo
_97020
650 _aComunidades
_97021
650 _aRecursos hidrológicos
_95625
650 _aRecursos humanos - Agricultura
_97022
650 _aSan Jerónimo - Historia - Cusco
_97023
700 _aEstrada, Enrique
_97024
700 _aApaza, Dimas
_97025
700 _aParedes, Pablo
_97026
700 _aArteaga, Yanet
_97027
700 _aQuiñonez, Lucio
_97028
942 _2ddc
_cLIBROS
945 _alccs
_d2017-02-28